| 000 | 00541cam a2200229 4500 | ||
|---|---|---|---|
| 001 | D6287 | ||
| 008 | 1977 | ||
| 035 | _a(Sirsi) u16 | ||
| 050 | _a340.03 | ||
| 100 | _aJowitt, William Allen | ||
| 245 | _aJowitt`s dictionary of English law | ||
| 250 | _a2nd | ||
| 260 |
_aLondon _bSweet & Maxwell _c1977 |
||
| 300 | _a2v. 25cm | ||
| 350 | _a45.00 | ||
| 650 | _aDICTIONARIES | ||
| 650 | _aLEGAL DICTIONARIES | ||
| 650 | _aLEGAL TERMS | ||
| 690 | _aLAW | ||
| 700 | _aWalsh, Clifford | ||
| 942 | _n0 | ||
| 999 |
_c85475 _d85475 |
||